000 00327nam a2200145Ia 4500
008 180921t xxu||||| |||| 00| 0 eng d
041 _aeng
080 _a651.93
_bISR
100 _aIsraen, P.D.
245 _aTamil shorthand
300 _a24p., 22 cm
942 _cBK
999 _c18851
_d18851
003 LK-CoDNM
040 _aLK-CoDNM
_dLK-CoDNM
_eLK-CoDNM